Erraten Sie die Automarken #1 - Statistiken

Allgemein
  • Dieses Quiz wurde 448 mal gespielt
  • Das Durchschnittsergebnis liegt bei 7 aus 8
Antwortstatistiken
Bildquiz Antwort % Korrekt
Volkswagen
100%
Porsche
98%
Tesla
97%
Seat
93%
Hyundai
88%
Mazda
87%
Renault
82%
Alfa Romeo
78%
Keine übereinstimmenden Quizze gefunden
Verteilung der Resultate
Anzahl Personen mit jedem Resultat
Perzentil nach korrekt beantworteten Fragen
Ihre Resultats-Entwicklung
Sie haben dieses Quiz noch nicht gespielt